<?xml version="1.0" encoding="UTF-8"?>
<marc:record xmlns:marc="http://www.loc.gov/MARC21/slim">
   <marc:leader>00000nam a2200000 a 4500</marc:leader>
   <marc:datafield ind1="1" ind2=" " tag="100">
      <marc:subfield code="a">Tadday, Ulrich</marc:subfield>
      <marc:subfield code="4">edt</marc:subfield>
      <marc:subfield code="e">Bearbeiter/-in</marc:subfield>
   </marc:datafield>
   <marc:datafield ind1=" " ind2=" " tag="653">
      <marc:subfield code="a">Henze</marc:subfield>
   </marc:datafield>
   <marc:datafield ind1=" " ind2=" " tag="653">
      <marc:subfield code="a">Hans Werner</marc:subfield>
   </marc:datafield>
   <marc:datafield ind1=" " ind2=" " tag="653">
      <marc:subfield code="a">Softcover</marc:subfield>
   </marc:datafield>
   <marc:datafield ind1=" " ind2=" " tag="653">
      <marc:subfield code="a">Karte</marc:subfield>
   </marc:datafield>
   <marc:datafield ind1=" " ind2=" " tag="653">
      <marc:subfield code="a">Musiklehre</marc:subfield>
   </marc:datafield>
   <marc:datafield ind1=" " ind2=" " tag="653">
      <marc:subfield code="a">Aufsatzsammlung</marc:subfield>
   </marc:datafield>
   <marc:datafield ind1="0" ind2="0" tag="245">
      <marc:subfield code="a">Hans Werner Henze - Musik und Sprache</marc:subfield>
   </marc:datafield>
   <marc:datafield ind1="0" ind2="0" tag="245">
      <marc:subfield code="c">hrsg. von Ulrich Tadday</marc:subfield>
   </marc:datafield>
   <marc:datafield ind1=" " ind2="1" tag="264">
      <marc:subfield code="a">München</marc:subfield>
      <marc:subfield code="b">Ed. Text und Kritik</marc:subfield>
      <marc:subfield code="c">2006</marc:subfield>
   </marc:datafield>
   <marc:datafield ind1="1" ind2=" " tag="490">
      <marc:subfield code="a">Musik-Konzepte</marc:subfield>
      <marc:subfield code="v">H. 132</marc:subfield>
   </marc:datafield>
   <marc:datafield ind1="1" ind2=" " tag="520">
      <marc:subfield code="a">Angaben aus der Verlagsmeldung

Hans Werner Henze

Es ist nicht möglich, dem ebenso umfangreichen wie abwechselungsreichen Werk eines Komponisten wie Hans Werner Henze in einem „Musik-Konzepte“-Band auch nur annähernd gerecht zu werden. Die vielen Facetten seines Œuvres: Lieder, Opern und Ballette, Kompositionen für das Musiktheater, das Schauspiel, Hörspiel und den Film, nicht zuletzt Sinfonien, Konzerte und Kammermusiken, stellen uns Hans Werner Henze als einen zeitgenössischen Komponisten vor, für den die kritische Reflexion nicht nur der eigenen Musik eine ästhetische Selbstverständlichkeit ist. Sie lassen ebenso Hans Werner Henze – im Übrigen auch dem eigenen Selbstverständnis nach – als einen Komponisten erscheinen, der sich gegen jede ideologische Vereinnahmung sperrt, gerade wenn ihm das Gegenteil von seinen Kritikern nachgesagt wird.
Hans Werner Henze hält, um mit dem Hamburger Musikwissenschaftler Peter Petersen zu sprechen, in seiner Musik und Kunst an einem emphatischen Freiheitsbegriff fest, der sich menschlich und politisch, politisch und menschlich zugleich zeigt. Insofern ist der „Musik-Konzepte“-Band auch eine Hommage an den heutigen Humanisten Hans Werner Henze, der im Jahr 2006 seinen 80. Geburtstag feiert.
</marc:subfield>
   </marc:datafield>
   <marc:datafield ind1=" " ind2=" " tag="020">
      <marc:subfield code="a">9783883778303</marc:subfield>
      <marc:subfield code="9">9783883778303</marc:subfield>
   </marc:datafield>
   <marc:datafield ind1=" " ind2=" " tag="020">
      <marc:subfield code="a">3883778303</marc:subfield>
      <marc:subfield code="9">3883778303</marc:subfield>
   </marc:datafield>
   <marc:datafield ind1=" " ind2=" " tag="041">
      <marc:subfield code="a">ger</marc:subfield>
   </marc:datafield>
   <marc:datafield ind1=" " ind2=" " tag="300">
      <marc:subfield code="a">128 S.</marc:subfield>
   </marc:datafield>
</marc:record>
